| 000 | 01521nam a2200289 i 4500 | ||
|---|---|---|---|
| 003 | EG-ScBUE | ||
| 005 | 20231127121947.0 | ||
| 008 | 090909s1982 ua b af b 000 0 ara d | ||
| 017 | _a82 / 2764 | ||
| 040 |
_aEG-ScBUE _bara _erda _cEG-ScBUE _dEG-ScBUE |
||
| 082 | 0 | 4 |
_222 _a909.0976701 _bم ح م |
| 100 | 1 |
_98766 _aمحمود، حسن أحمد، _eمؤلف. |
|
| 245 | 1 | 2 |
_aالعالم الإسلامي في العصر العباسي / _cدكتور حسن أحمد محمود، أستاذ التاريخ الإسلامي بكلية الآداب جامعة القاهرة وجامعة الرياض، دكتور أحمد إبراهيم الشريف، أستاذ التاريخ الإسلامي بجامعة عين شمس وجامعة الكويت. |
| 250 | _aالطبعة الخامسة. | ||
| 264 | 1 |
_aالقاهرة : _bدار الفكر العربي، _c[1982] |
|
| 300 |
_a638 صفحة : _bخرائط ؛ _c24 سم |
||
| 336 |
_2rdacontent _aنص _btxt |
||
| 337 |
_aبدون وسيط _2rdamedia _bn |
||
| 338 |
_aمجلد _bnc _2rdacarrier |
||
| 504 | _aيشتمل على إرجاعات ببليوجرافية. | ||
| 650 | 7 |
_98767 _aالدولة العباسية _y750-1258 م. _2BUEsh |
|
| 651 | 7 |
_2BUEsh _aالدول العربية _xتاريخ _yالعصر العباسي. |
|
| 651 | 7 |
_2BUEsh _aشبه الجزيرة العربية _xتاريخ _yالعصر العباسي. |
|
| 655 | _vReading book | ||
| 700 | 1 |
_98769 _aشريف، أحمد إبراهيم، _eمؤلف مشارك. |
|
| 942 |
_2ddc _cBB |
||
| 999 |
_c12770 _d12770 |
||